| 000 | 00000nam##2200000za#4500 |
| 001 | 9.642514 |
| 003 | CaOODSP |
| 005 | 20231102100625 |
| 007 | cr ||||||||||| |
| 008 | 150407|2007||||xxc|||||o f|0| 0 fre|d |
| 040 | |aCaOODSP|bfre |
| 043 | |an-cn--- |
| 086 | 1 |aD74-12/2007F-PDF |
| 110 | 2 |aBureau de l'ombudsman de la Défense nationale et des Forces canadiennes. |
| 245 | 13|aLa bataille d'un tireur d'élite - l'inquiétude d'un père : |h[ressource électronique]|bune enquête sur le traitement d'un tireur d'élite des Forces canadiennes déployé en Afghanistan en 2002 / |c[par] Yves Côté. |
| 246 | 1 |aRapport spécial au ministre de la Défense nationale |
| 260 | |aOttawa - Ontario : |bBureau de l'ombudsman de la Défense nationale et des Forces canadiennes |cAvril 2007. |
| 300 | |a84p. |
| 500 | |aPlaignant: Christian McEachern. |
| 590 | |a13-23-Supp|b2013-10-08 |
| 775 | 08|tA sniper's battle - a father's concern : |w(CaOODSP)9.698507 |
| 856 | 40|ahttp://publications.gc.ca|qPDF|s1.74 Mo|uhttps://publications.gc.ca/collections/collection_2013/dn-nd/D74-12-2007-fra.pdf |